The inflation of house prices, its extent, causes and consequences
| Main Author: | |
|---|---|
| Format: | Book |
| Published: |
Toronto :
D.C. Heath ,
1979
|
| Subjects: |
MARC
| LEADER | 00000cam a2200000 7i4500 | ||
|---|---|---|---|
| 001 | 0000008758 | ||
| 005 | 20161123.0 | ||
| 020 | |a 0669027081 | ||
| 040 | |a INS | ||
| 090 | 0 | 0 | |a HD7293 |b G74 1979 |
| 100 | 0 | |a Grebler, Leo | |
| 245 | 1 | 4 | |a The inflation of house prices, its extent, causes and consequences |c Leo Grebler, Frank G.Mittlebach |
| 260 | |a Toronto : |b D.C. Heath , |c 1979 | ||
| 300 | |a 241p ; |c 23 cm. | ||
| 650 | 0 | 0 | |a Housing |x Prices |z United States |
| 650 | 0 | 0 | |a Inflation (Finance) |z United States |
| 700 | 1 | ||
| 999 | |a 0000022996 |b BOOK |c Open Shelf |e Default branch | ||